Kung Fu Panda Animals to Character by Picture - Statistics

General Stats
  • This quiz has been taken 376 times
  • The average score is 8 of 12
Answer Stats
Picture Answer % Correct
Po
99%
Tigress
91%
Oogway
84%
Tai Lung
84%
Lord Shen
74%
Master Shifu
74%
Monkey
71%
Crane
69%
Master Croc
60%
Mr. Ping
53%
Kai
41%
Soothsayer
16%
No matching quizzes found
Score Distribution
Percent of People with Each Score
Percentile by Number Answered
Your Score History
You have not taken this quiz